000
00314nam a22001457a 4500
008
210514b ||||| |||| 00| 0 eng d
020
_a
9780618308200
041
_a
eng
080
_a
7
082
_a
7
100
_a
44
101
_a
ART
245
_a
Pocket Guide to APA Style
_c
Robert Perrin
942
_2
udc
_c
BK
999
_c
57343
_d
57343